| 000 | 01441nam a2200445 i 4500 | ||
|---|---|---|---|
| 001 | 29795 | ||
| 003 | KOSZ 005 | ||
| 005 | 20200624092923.0 | ||
| 008 | 970510s1993 pl a f |000 0 pol | ||
| 015 | _aUWD 1993/347 | ||
| 020 | _a8320809037 | ||
| 035 | _a991000800659705066 | ||
| 035 | _a(PL-WaBN)b10252265-48omnis_nlop | ||
| 035 | _ab10252265 | ||
| 035 | _a(OCoLC)69470741 | ||
| 035 | _a(PL)b0000001025226 | ||
| 035 | _a(EXLNZ-48OMNIS_NETWORK)9910108310005606 | ||
| 040 |
_aWA N _cWA N _dKOSZ 005/EG |
||
| 080 | _a339.73 | ||
| 080 | _a(4-67) | ||
| 100 | 1 |
_aKomar, Andrzej _d(1933-2000) _eAutor |
|
| 245 | 1 | 0 |
_aEuropejska unia walutowa / _cAndrzej Komar. |
| 260 |
_aWarszawa : _bPańst. Wydaw. Ekonomiczne, _c1993. |
||
| 300 |
_a208, [4] s. : _bwykr. ; _c21 cm. |
||
| 336 |
_aTekst _btxt _2rdacontent |
||
| 337 |
_aBez urządzenia pośredniczącego _bn _2rdamedia |
||
| 338 |
_aWolumin _bnc _2rdacarrier |
||
| 380 | _aKsiążki | ||
| 388 | _a1901-2000 | ||
| 388 | _a1989-2000 | ||
| 650 | 7 |
_aPieniądz _2DBN |
|
| 650 | 7 |
_aFinanse _2DBN |
|
| 650 | 7 | _aPolityka | |
| 658 | _aGospodarka, ekonomia, finanse | ||
| 658 | _aPolityka, politologia, administracja publiczna | ||
| 710 | 2 |
_aPaństwowe Wydawnictwo Ekonomiczne _4pbl |
|
| 856 |
_uhttp://koha.tu.koszalin.pl/cgi-bin/koha/opac-detail.pl?biblionumber=29795 _yKatalog online BPK |
||
| 942 |
_2UKD _cKS |
||
| 999 |
_c29795 _d29795 |
||